| 000 | 00846nac a22002171u 4500 | ||
|---|---|---|---|
| 010 | _a 96043809 | ||
| 020 | _a1566701260 | ||
| 082 | 0 | 0 |
_a628.55 _bLEE |
| 090 |
_c9342 _d9342 |
||
| 100 | _aLeeson, Andrea, | ||
| 245 | 1 | 0 |
_aSoil bioventing : _bprinciples and practice / _cAndrea Leeson and Robert E. Hinchee ; with contributions by Bruce A. Alleman ... [et al.]. |
| 260 |
_aBoca Raton, FL : _bCRC/Lewis Publishers,1997 _cc1997. |
||
| 300 |
_axi, 244 p. : _bill. ; _c24 cm. |
||
| 500 | _adistributer: Al-Ahram | ||
| 504 | _aIncludes bibliographical references and index. | ||
| 511 | _acatalogued by: wessam | ||
| 650 | 0 | _aSoil bioventing. | |
| 700 | 1 | _aHinchee, Robert E. | |
| 856 | 4 | 2 |
_3Publisher description _uhttp://www.loc.gov/catdir/enhancements/fy0744/96043809-d.html |
| 942 |
_cBB _k628.55LEE |
||
| 999 |
_c9342 _d9342 |
||